Jaime, o pastilha elástica (Registo nº 252)

Detalhes MARC
000 -Etiqueta do registo
Cabeçalho 00707nam0a2200241 4500
005 - Identificador da versão
Campo de controlo 20240821130310.0
010 ## - Número internacional normalizado dos livros (ISBN)
Número (ISBN) 9728708009
021 ## - Número do Depósito Legal
Código do país PT
Número 168426/01
100 ## - Dados gerais de processamento
Dados gerais de processamento 20151030d2001 d y0pory5003 ba
101 0# - Língua de publicação
Língua do texto, banda sonora, etc. Português
102 ## - Pais de publicação ou produção
País de publicação Portugal
200 1# - Titulo e menção de responsabilidade
Título próprio Jaime, o pastilha elástica
Informação de outro título o terrível mosquito
Primeira menção de responsabilidade Manuel Arouca
Outras menções de responsabilidade il. Rita Maia Moura
205 ## - Menção da edição
Menção da edição 1ª ed
210 ## - Publicação, Distribuição, etc. 
Lugar da edição, distribuição, etc. São João do Estoril
Nome do editor, distribuidor, etc. Sopa de Letras
Data da publicação, distribuição, etc. 2002
215 ## - Descrição física 
Indicação específica da natureza do documento e extensão da espécie 126 p.
Outras indicações físicas il
606 ## - Nome comum usado como assunto
Número de registo de entrada de autoridade 0002112
Palavra de ordem Literatura portuguesa
Subdivisão de assunto Romances de aventuras
675 ## - Classificação Decimal Universal (CDU)
Notação 821.134.3-311.3
Edição 3ª ed.
Língua da edição por
700 ## - Nome de autor-pessoa física (responsabilidade principal)
Número de registo de entrada de autoridade 0000311
Palavra de ordem Arouca
Outra parte do nome não tomada para palavra de ordem Manuel
Datas 1955-
702 #1 - Nome de autor-pessoa física (responsabilidade secundária)
Número de registo de entrada de autoridade 0002662
Palavra de ordem Moura
Outra parte do nome não tomada para palavra de ordem Rita Maia
Código de função Ilustrador / Técnico de desenho computorizado
942 ## - Elementos de entrada adicionados (Koha)
Tipo de item no Koha Livro
966 ## - Identificação da Biblioteca
Sigla EB2,3ENM
Exemplares
Situação do levantamento Origin of item (home branch) (coded) Biblioteca de empréstimo Código de barras Cota Circulation type (not for loan) Tipo de documento Nota do exemplar Damaged status
  Biblioteca Escolar Eng. Nuno Mergulhão Biblioteca Escolar Eng. Nuno Mergulhão BENM575 82LP-3 ARO   Livro Sem mensagem